Commitment and ministry in Nehemiah {ch} / (Record no. 26782)
[ view plain ]
| 000 -LEADER | |
|---|---|
| fixed length control field | 00650nam a2200181 4500 |
| 008 - FIXED-LENGTH DATA ELEMENTS--GENERAL INFORMATION | |
| fixed length control field | 060607s2005 -hk chi |
| 020 ## - INTERNATIONAL STANDARD BOOK NUMBER | |
| International Standard Book Number | 9889850974 : |
| Terms of availability | HK55/46.80/PHp310.60 |
| 090 ## - LOCALLY ASSIGNED LC-TYPE CALL NUMBER (OCLC); LOCAL CALL NUMBER (OCLC) | |
| Classification number (OCLC) (R) ; Classification number, CALL (RLIN) (NR) | BS1365.3 |
| Local cutter number (OCLC) ; Book number/undivided call number, CALL (RLIN) | C36c |
| 100 1# - MAIN ENTRY--PERSONAL NAME | |
| Personal name | Chang, David lu Pang |
| 245 10 - TITLE STATEMENT | |
| Title | Commitment and ministry in Nehemiah {ch} / |
| Statement of responsibility, etc | David lu Pang Chang. |
| 260 ## - PUBLICATION, DISTRIBUTION, ETC. (IMPRINT) | |
| Place of publication, distribution, etc | Hong Kong : |
| Name of publisher, distributor, etc | Ming Dao Press Ltd., |
| Date of publication, distribution, etc | c2005. |
| 300 ## - PHYSICAL DESCRIPTION | |
| Extent | xvi, 202 p. |
| 490 1# - SERIES STATEMENT | |
| Series statement | Contemporary message series |
| 630 04 - SUBJECT ADDED ENTRY--UNIFORM TITLE | |
| Uniform title | Bible. O.T. Nehemiah |
| General subdivision | Commentaries {ch}. |
| 650 #4 - SUBJECT ADDED ENTRY--TOPICAL TERM | |
| Topical term or geographic name as entry element | Christian life |
| General subdivision | Biblical teaching {ch}. |
| 951 ## - EQUIVALENCE OR CROSS-REFERENCE-GEOGRAPHIC NAME/AREA NAME [OBSOLETE] [CAN/MARC only] | |
| General subdivision | 00033304 |
| 951 ## - EQUIVALENCE OR CROSS-REFERENCE-GEOGRAPHIC NAME/AREA NAME [OBSOLETE] [CAN/MARC only] | |
| -- | C-7603 |
| -- | BS1365.3/C36c |
| -- | 070613111556234 |
| -- | 2000-12-21 |
| -- | CH |
| 942 00 - ADDED ENTRY ELEMENTS (KOHA) | |
| Koha issues (borrowed), all copies | 1 |
| Withdrawn status | Lost status | Damaged status | Not for loan | Home library | Current library | Shelving location | Date acquired | Accession number | Shelving control number | Total Checkouts | Full call number | Barcode | Date last seen | Date last borrowed | Price effective from | Koha item type |
|---|---|---|---|---|---|---|---|---|---|---|---|---|---|---|---|---|
| BSOP Library | BSOP Library | Chinese Books (General Circulation) | 12/21/2000 | C-7603 | 127 | 1 | BS1365.3/C36c | 00033304 | 04/22/2019 | 04/15/2019 | 02/23/2013 | Books |
